000 00357 a2200109 4500
001 ART_14792
005 20260410161913.0
008 260409a
245 1 0 _aResource exploitation theory and the behaviour of the oil cartel
100 1 _aSchmalensee, Richard
773 0 _tEuropean economic review
_g- Vol. 7, NÂș 3 (abr. 1976)
_wREV13346
999 _c27039
_d27039